Don't Watch Me Cry - Jorja Smith - All Lyrics - Statistics

General Stats
  • This quiz has been taken 118 times
  • The average score is 249 of 292
Answer Stats
Answer % Correct
cry
100%
do
100%
don't
100%
me
100%
watch
100%
what
100%
A
97%
I
97%
I'm
97%
I’m
97%
you
97%
been
94%
can
94%
in
94%
in,
94%
no
94%
No,
94%
not
94%
Not
94%
to
94%
can't
91%
'cause
91%
cause
91%
it
91%
left
91%
my
91%
Oh,
91%
on
91%
time,
91%
when
91%
all
89%
All
89%
but
89%
crying
89%
have
89%
Have
89%
hurts
89%
just
89%
know
89%
moment
89%
own
89%
that
89%
with
89%
and
86%
heart
86%
"Is
86%
is
86%
the
86%
your
86%
bleed
83%
ever
83%
if
83%
let
83%
mine?
83%
most
83%
over
83%
say
83%
told
83%
wonder
83%
Are
80%
call,
80%
care
80%
couldn't
80%
escape
80%
find
80%
phone
80%
tried
80%
alone?“
77%
alone?”
77%
aware
77%
because
77%
could've
77%
crossed
77%
kills
77%
Maybe
77%
name's
77%
she
77%
shouldn't
77%
still
77%
warning
77%
free?
74%
set
74%
thinking
74%
Thinking
74%
thoughts
74%
alright
71%
you're
71%
cried
69%
see
69%
tryna
69%
it's
66%
wait
66%
want
66%
Now
63%
they
63%
mind
57%
move
57%
through
57%
wanna
57%
done
54%
kissed
54%
leave,
54%
rewind
54%
get
51%
harder
51%
they've
51%
times
51%
how
49%
works
49%
their
46%
held
43%
I'll
43%
there
43%
best
29%
meaning
23%
No matching quizzes found
Score Distribution
Percent of People with Each Score
Percentile by Number Answered
Your Score History
You have not taken this quiz